| 000 | 01906nam a2200337 a 4500 | ||
|---|---|---|---|
| 001 | 000027384 | ||
| 003 | DO-SdBPM | ||
| 005 | 20260220103513.0 | ||
| 007 | ta | ||
| 008 | 110331s2002 dr 000 0 spa d | ||
| 020 | _a9993430471 | ||
| 040 |
_aDO-SdBPM _bspa _cBPMSU _erda |
||
| 082 | 4 |
_a972.9302 _bD325r 2002 _222 |
|
| 092 | _a | ||
| 100 | 1 |
_aDeive, Carlos Esteban _d1935-2019 _eautor |
|
| 245 | 1 | 0 |
_aRebeldes y marginados : _bensayos históricos / _cCarlos Esteban Deive. |
| 264 |
_aSanto Domingo : _bBanco Central de la República Dominicana, _c2002. |
||
| 300 |
_a148 Páginas ; _c23 cm |
||
| 336 |
_atexto _btxt _2rdacontent |
||
| 337 |
_asin mediación _bn _2rdamedia |
||
| 338 |
_avolumen _bnc _2rdacarrier |
||
| 490 | 0 |
_aBanco Central de la República Dominicana ; _aCiencias sociales, _v55/11 |
|
| 500 | _aIncluye datos biográficos del autor en la solapa de la cubierta | ||
| 504 | _aIncluye referencias bibliográficas y notas al pie de las páginas | ||
| 505 | 0 | _aIntroducción 9|Cuál fué la primera revolución de esclavos negros en América? 11|Nuevas aportaciones al conocimiento de los orígenes de los esclavos africanos traídos a Santo Domingo 21|La abolición de la esclavitud y la independencia de Santo Domingo 41|Los judios en la Española 55|Guaymaros y hechiceras en Santo Domingo 71|Los cacicazgos de la Española 81|Documentos inéditos relativos a Toussaint Louverture y su incorporación a la República Francesa 89|Pedro Mexía de Ovando : un crítico del sistema colonial españolense 105|Carlos de Aragón y el Santo Oficio 113|Santo Domingo, las cortes de Cádiz y los primeros intentos separatistas 121 | |
| 590 | _aInventariado, 2025/VM | ||
| 650 | 7 |
_aAbolición de la esclavitud _xHistoria _zRepública Dominicana |
|
| 651 | 7 |
_aRepública Dominicana _xHistoria _yColonia 1503-1795 |
|
| 910 | _aVMateo V. Control de calidad. BPMSU | ||
| 942 |
_2ddc _cBK |
||
| 999 |
_c7721 _d7721 |
||